Papeleras.

La instalación de papeleras en Fray Bentos y Misiones. Impacto ambiental y resistencia de los grupos ambientalistas. Las posiciones a favor y en contra de su instalación. Los cortes de rutas.

Guardado en:
Formato: Deslizar
Materias:
Etiquetas: Agregar Etiqueta
Sin Etiquetas, Sea el primero en etiquetar este registro!
LEADER 00830ngm a22002175g 4500
001 CEM.cems022774
008 130507b2005##################0###0#####d
005 20241115170321.0
245 0 0 |a Papeleras. 
300 |a 41'. 
500 |a En soporte VHS, consultar en ventanilla. 
520 |a La instalación de papeleras en Fray Bentos y Misiones. Impacto ambiental y resistencia de los grupos ambientalistas. Las posiciones a favor y en contra de su instalación. Los cortes de rutas. 
538 |a Soporte: VHS - Norma: Pal N - Color: Si - Grabación DRD 2005 - Hitachi=2840 
082 5 7 |/ ORO 
653 |a MEDIO AMBIENTE 
653 |a AMBIENTALISMO 
653 |a ECOLOGIA 
653 |a PAPELERAS 
653 |a NIVEL PRIMARIO 
653 |a NIVEL SECUNDARIO 
859 |a CEMS  |b BIB. CEMS - Depto. Recursos Didacticos  |h 574  |i ORO  |k DRD  |p 1417.12  |t Ej.1